| 000 | 00558nam a22001937a 4500 | ||
|---|---|---|---|
| 003 | koha_MIRAKIL | ||
| 005 | 20231213095630.0 | ||
| 008 | 231213b |||||||| |||| 00| 0 ||| d | ||
| 020 | _b978-9-75471202-5 | ||
| 040 |
_aTR-IsEVY _btur _cTR-IsEVY |
||
| 082 | _a460 ÇAN/F | ||
| 100 | _ahazırlayan Birsen Çankaya, José Ramón Gonzalez. | ||
| 245 | 0 | _aStandart sözlük İspanyolca-Türkçe Türkçe-İspanyolca | |
| 260 |
_bFono, _c2010 |
||
| 300 | _a617 s. | ||
| 650 | _aİspanyol dili -- Sözlükler. | ||
| 650 | _aKelime haznesi. | ||
| 942 |
_2ddc _cBK |
||
| 999 |
_c6865 _d6865 |
||